000 00516cam a2200193 4500
001 D8761
008 090401t1984 xxu||||| |||| 00| 0 eng d
035 _a(Sirsi) u15056
041 _aeng
050 _a691
100 _aSkoyles, John R
245 3 _aAn approach to reducing materials waste on site
260 _aAscot, Berks
_bChartered Institute of Building
_c1984
300 _a7p. 30cm
350 _a0
490 _aTechnical Information Service
_pSite Management
_v34
942 _n0
948 _c04/03/1997
999 _c87246
_d87246